| Tag |
First Indicator |
Second Indicator |
Subfields |
| LEADER |
00000cam a2200000 a 4500 |
| 001 |
in00002575654 |
| 005 |
20151201120018.0 |
| 008 |
090311s2010 nyua b 001 0 eng |
| 010 |
|
|
|a 2009008531
|
| 015 |
|
|
|a GBB043730
|2 bnb
|
| 016 |
7 |
|
|a 015516922
|2 Uk
|
| 020 |
|
|
|a 9781438429373 (hardcover : alk. paper)
|
| 020 |
|
|
|a 1438429371 (hardcover : alk. paper)
|
| 020 |
|
|
|a 9781438429380 (pbk. : alk. paper)
|
| 020 |
|
|
|a 143842938X (pbk. : alk. paper)
|
| 029 |
1 |
|
|a CDX
|b 9782521
|
| 029 |
1 |
|
|a CDX
|b 9782520
|
| 035 |
|
|
|a (OCoLC)ocn316232485
|
| 035 |
|
|
|a (OCoLC)316232485
|
| 040 |
|
|
|a DLC
|c DLC
|d YDX
|d CDX
|d YDXCP
|d UKM
|d BWX
|d WAU
|d UtOrBLW
|
| 049 |
|
|
|a TXAM
|
| 050 |
0 |
0 |
|a HQ1121
|b .C69 2010
|
| 082 |
0 |
0 |
|a 305.4201
|2 22
|
| 245 |
0 |
0 |
|a Critical transnational feminist praxis /
|c edited by Amanda Lock Swarr and Richa Nagar.
|
| 264 |
|
1 |
|a Albany :
|b State University of New York Press,
|c [2010]
|
| 264 |
|
4 |
|c ©2010
|
| 300 |
|
|
|a xi, 232 pages :
|b illustrations ;
|c 23 cm.
|
| 336 |
|
|
|a text
|b txt
|2 rdacontent
|
| 337 |
|
|
|a unmediated
|b n
|2 rdamedia
|
| 338 |
|
|
|a volume
|b nc
|2 rdacarrier
|
| 490 |
1 |
|
|a SUNY series, praxis: theory in action
|
| 504 |
|
|
|a Includes bibliographical references and index.
|
| 505 |
0 |
|
|a Cartographies of knowledge and power : transnational feminism as radical praxis / M. Jacqui Alexander and Chandra Talpade Mohanty -- Disavowed legacies and honorable thievery : the work of the "transnational" in feminist and LGBTQ studies / Jigna Desai, Danielle Bouchard, and Diane Detournay -- Seeing beyond the state : toward transnational feminist organizing / Geraldine Pratt ... [et al.] -- Conflicts and collaborations : building trust in transnational South Africa / Sam Bullington and Amanda Lock Swarr -- Feminist academic and activist praxis in service of the transnational / Linda Peake and Karen de Souza -- Still playing with fire : intersectionality, activism, and NGOized feminism / Sangtin Writers (Reena ... [et al.]) -- So much to remind us we are dancing on other people's blood : moving toward artistic excellence, moving from silence to speech, moving in water, with Ananya Dance Theatre / Omise'eke Natasha Tinsley ... [et al.] -- Remapping the Americas : a transnational engagement with creative tensions of community arts / Deborah Barndt -- Envisioning justice : the politics and possibilities of transnational feminist film / Rachel Silvey.
|
| 650 |
|
0 |
|a Feminism
|v Cross-cultural studies.
|
| 700 |
1 |
|
|a Swarr, Amanda Lock.
|
| 700 |
1 |
|
|a Nagar, Richa.
|
| 830 |
|
0 |
|a SUNY series, praxis, theory in action.
|
| 938 |
|
|
|a Coutts Information Services
|b COUT
|n 9782521
|
| 938 |
|
|
|a YBP Library Services
|b YANK
|n 3150265
|
| 938 |
|
|
|a Blackwell Book Service
|b BBUS
|n R9837038
|c $24.95
|
| 945 |
|
|
|a PromptCat
|b 957978
|
| 946 |
|
|
|a stk
|
| 947 |
|
|
|a A14840280045
|
| 994 |
|
|
|a 92
|b TXA
|
| 948 |
|
|
|a Cataloged
|b h
|c 2010/4/22
|d c
|e ibarton
|
| 999 |
|
|
|a MARS
|
| 999 |
f |
f |
|s 2145a2f6-a15e-34a0-a2bf-41a5a081f0d8
|i 50f801bd-fef1-3f91-8ca4-e3ead844786b
|t 0
|
| 952 |
f |
f |
|p normal
|a Texas A&M University
|b College Station
|c Sterling C. Evans Library
|d Evans: Library Stacks
|t 0
|e HQ1121 .C69 2010
|h Library of Congress classification
|i unmediated -- volume
|m A14840280045
|
| 998 |
f |
f |
|a HQ1121 .C69 2010
|t 0
|l Evans: Library Stacks
|